Hojení vnitřních ran
Saved in:
| Main Author | |
|---|---|
| Format | Electronic eBook |
| Language | Czech |
| Published |
Portál
2023
|
| Edition | 1. elektronické vydání |
| Subjects | |
| Online Access | Dostupné v BOOKPORT po přihlášení pomocí eduID |
| ISBN | 978-80-262-2035-0 978-80-262-2036-7 978-80-262-2007-7 |
| Physical Description | 1 online zdroj (200 stran) |
| LEADER | 00000nam a2200000 i 4500 | ||
|---|---|---|---|
| 001 | bkp255858221 | ||
| 003 | CZ-prgp | ||
| 005 | 20230426111721.0 | ||
| 006 | m o d | ||
| 007 | cr cn | ||
| 008 | 230426s2023 xr o 000 0 cze | ||
| 020 | |a 978-80-262-2035-0 |c 269 Kč |q (online ; pdf) | ||
| 020 | |a 978-80-262-2036-7 |c 269 Kč |q (online ; epub) | ||
| 020 | |a 978-80-262-2007-7 |c 349 Kč |q (print) | ||
| 040 | |a Grada |b cze |e rda | ||
| 100 | 1 | |a Rolf, Sellin | |
| 245 | 1 | 0 | |a Hojení vnitřních ran |c Sellin Rolf |
| 250 | |a 1. elektronické vydání | ||
| 264 | 1 | |b Portál |c 2023 | |
| 300 | |a 1 online zdroj (200 stran) | ||
| 336 | |a text |b txt |2 rdacontent | ||
| 337 | |a počítač |b c |2 rdamedia | ||
| 338 | |a online zdroj |b cr |2 rdacarrier | ||
| 520 | 3 | |a Uštěpačné poznámky, chybějící slova poděkování nebo přehlížení mohou zasáhnout něčí srdce stejně silně jako nečekané odmítnutí či při hádce pronesená ostrá slova. I když budeme nadále fungovat navenek, psychicky jsme zraněni. Pokud bolest z tohoto zranění ignorujeme, zůstává podprahová. Teprve když ji přijmeme, můžeme uvolnit místo pro jiné, pozitivnější pocity.Autor ve své knize ukazuje, jak můžeme najít odvahu podívat se a rozpoznat, co přesně v nás bylo zraněno, jak se můžeme postarat o svá zranění, vyrůst z nich, a dokonce je uzdravit, jak reagovat co nejrychleji nebo s odstupem a jak vyléčit i ty nejdávnější rány. Přitom nabízí řadu konkrétních návodů a metod práce s emoční bolestí.Rolf Sellin je původní profesí architekt, který o sobě zjistil, že je vysoce citlivý. Když se učil pracovat se svou citlivostí, vyvinul metody, které dnes ve svých seminářích a knihách zprostředkovává nejen hypersenzitivním laikům, ale i psychoterapeutům a psychologům. V Portále vyšly jeho knihy Blíž tě nepustím (2019) o nastavování hranic a Vysoce citliví lidé mezi námi (2021). | |
| 650 | 0 | 4 | |a Psychologie a pedagogika |
| 650 | 0 | 4 | |a Psychologie pro každého |
| 856 | 4 | 0 | |u https://www.bookport.cz/AccountSaml/SignIn/?idp=https://shibboleth.utb.cz/idp/shibboleth&returnUrl=/kniha/hojeni-vnitrnich-ran-11759/ |y Dostupné v BOOKPORT po přihlášení pomocí eduID |